[Event "SV Empor Erfurt-Sabt Frankfurter TV 1860"]
[Site "DVM U14 in Arendsee"]
[Date "2009.12.29"]
[Round "6.4"]
[White "Scheuch, Benjamin"]
[Black "Keller, Peter"]
[Result "1/2-1/2"]
[WhiteElo "1376"]
[BlackElo "1621"]
[PlyCount "85"]
[EventDate "2009.??.??"]
[WhiteTeam "SV Empor Erfurt"]
[BlackTeam "Sabt Frankfurter TV 1860"]

1. e4 {[%emt 0:00:00]} e5 2. Nf3 Nc6 3. Bc4 Nf6 4. d3 Be7 5. c3 O-O 6. Nbd2 d5
7. exd5 Nxd5 8. Nf1 Bf6 9. Ng3 Nb6 10. Bb3 Re8 11. O-O Be6 12. Bc2 Be7 13. Re1
Bd6 14. d4 exd4 15. Nxd4 Nxd4 16. Qxd4 Bxg3 17. Qxd8 Bxf2+ 18. Kxf2 Raxd8 19.
Be3 Bc4 20. b3 Be6 21. Rad1 Rxd1 22. Rxd1 f6 23. c4 Nd7 24. Be4 c6 25. Rd2 a6
26. h3 Kf7 27. g4 g6 28. Kg3 f5 29. gxf5 gxf5 30. Bf3 Nf6 31. Bg5 Kg6 32. Bxf6
Kxf6 33. Kf4 Re7 34. h4 Rd7 35. Rxd7 Bxd7 36. Be2 h6 37. Bf3 b5 38. c5 Ke6 39.
Bg2 b4 40. Bf3 a5 41. Bg2 Kf6 42. Bf3 Be8 43. Bg2 1/2-1/2

[Event "SG Grün-Weiß Baumschulenweg-Stader SV"]
[Site "DVM U14 in Arendsee"]
[Date "2009.12.29"]
[Round "6.1"]
[White "Lienau, Henrik"]
[Black "Mittelstädt, Joel"]
[Result "1-0"]
[WhiteElo "1707"]
[BlackElo "1626"]
[PlyCount "113"]
[EventDate "2009.??.??"]
[WhiteTeam "Stader SV"]
[BlackTeam "SG Grün-Weiß Baumschulenweg"]

1. e4 c6 2. d4 d5 3. exd5 cxd5 4. c4 dxc4 5. Bxc4 Nf6 6. Nf3 Bg4 7. O-O Nbd7 8.
Qb3 e6 9. Ne5 Qb6 10. Qxb6 axb6 11. Bb5 Bh5 12. Bg5 Ra5 13. Nc3 Bb4 14. Bxf6
gxf6 15. Nxd7 Bxc3 16. bxc3 Rxb5 17. Nxf6+ Ke7 18. Nxh5 Rxh5 19. Rab1 b5 20.
Rb3 Ra8 21. a3 Kd6 22. Rfb1 Kc6 23. g3 Ra5 24. Kg2 e5 25. g4 Rg5 26. Kg3 exd4
27. cxd4 Rd5 28. Rd3 Ra4 29. Rb4 Ra6 30. h4 h6 31. Kf4 Kd6 32. Ke4 Ke6 33. f4
f6 34. f5+ Kd6 35. Kf4 Ra8 36. Re3 Ra6 37. g5 fxg5+ 38. hxg5 hxg5+ 39. Kxg5 Kd7
40. Re5 Rad6 41. Rxd5 Rxd5 42. Kg6 Ke7 43. a4 bxa4 44. Rxb7+ Kd6 45. Rb6+ Kc7
46. Rb4 Ra5 47. f6 a3 48. f7 a2 49. f8=Q Ra6+ 50. Kg7 a1=Q 51. Qe7+ Kc8 52.
Rc4+ Kb8 53. Qc7+ Ka8 54. Qc8+ Ka7 55. Rc7+ Kb6 56. Qb8+ Ka5 57. Rc5+ 1-0

[Event "SG Grün-Weiß Baumschulenweg-Stader SV"]
[Site "DVM U14 in Arendsee"]
[Date "2009.12.29"]
[Round "6.2"]
[White "Kümpfel, Max"]
[Black "Vogt, Marc Jonas"]
[Result "1-0"]
[WhiteElo "1542"]
[BlackElo "1544"]
[PlyCount "63"]
[EventDate "2009.??.??"]
[WhiteTeam "SG Grün-Weiß Baumschulenweg"]
[BlackTeam "Stader SV"]

1. e4 {[%emt 0:00:00]} c5 2. Nf3 Nc6 3. d4 cxd4 4. Nxd4 Nf6 5. Nc3 e5 6. Ndb5
d6 7. Nd5 Nxd5 8. exd5 Nb8 9. c4 Be7 10. Bd3 a6 11. Nc3 Nd7 12. Qc2 Nc5 13.
Bxh7 Bg5 14. Bf5 Bxc1 15. Rxc1 Qg5 16. Bxc8 Qxg2 17. Bxb7 e4 18. Bc6+ Kd8 19.
Rf1 Nd3+ 20. Kd2 Qg5+ 21. Kd1 Qg2 22. Qe2 Rb8 23. Kd2 Rxh2 24. Nxe4 Nxc1 25.
Kxc1 Rh1 26. Rxh1 Qxh1+ 27. Kc2 Qa1 28. Kc3 Qxa2 29. Nxd6 Qa5+ 30. Kc2 Qb4 31.
Nxf7+ Kc7 32. Qe5+ 1-0

[Event "SG Grün-Weiß Baumschulenweg-Stader SV"]
[Site "DVM U14 in Arendsee"]
[Date "2009.12.29"]
[Round "6.3"]
[White "Schwarz, Nico"]
[Black "Spilke, Paul"]
[Result "0-1"]
[WhiteElo "1341"]
[BlackElo "1589"]
[PlyCount "52"]
[EventDate "2009.??.??"]
[WhiteTeam "Stader SV"]
[BlackTeam "SG Grün-Weiß Baumschulenweg"]

1. d4 d5 2. Nf3 Nf6 3. Bf4 c5 4. c3 Nc6 5. e3 e6 6. Bb5 Qb6 7. Bxc6+ bxc6 8. b3
Ba6 9. Nbd2 cxd4 10. cxd4 Bb4 11. Rc1 Rc8 12. Qc2 Qb5 13. Qd1 O-O 14. Be5 Ne4
15. a3 Nxd2 16. Nxd2 Bxa3 17. Rc2 Bb4 18. h4 f6 19. Bh2 Rfe8 20. h5 c5 21. h6
cxd4 22. Bc7 Re7 23. hxg7 Rexc7 24. Qh5 Rxg7 25. Rxc8+ Bxc8 26. Rh4 Ba6 0-1

[Event "SG Grün-Weiß Baumschulenweg-Stader SV"]
[Site "DVM U14 in Arendsee"]
[Date "2009.12.29"]
[Round "6.4"]
[White "Siegemund, Georg"]
[Black "Vöge, Tobias"]
[Result "0-1"]
[WhiteElo "1482"]
[BlackElo "1488"]
[PlyCount "104"]
[EventDate "2009.??.??"]
[WhiteTeam "SG Grün-Weiß Baumschulenweg"]
[BlackTeam "Stader SV"]

1. d4 {[%emt 0:00:00]} d5 2. Nf3 f5 3. e3 Nf6 4. c4 e6 5. Bd3 c6 6. Nc3 Bd6 7.
Qc2 Ne4 8. h3 O-O 9. a3 b6 10. Bd2 Nd7 11. Ne2 Bb7 12. Nf4 Qe7 13. g4 Rf7 14.
gxf5 exf5 15. Rg1 Bxf4 16. exf4 Ng5+ 17. Kd1 Nxf3 18. Rg3 Nxd4 19. Qa4 Nc5 20.
Qb4 Nxd3 21. Qxe7 Nxf2+ 22. Kc1 Rxe7 23. Be3 Nb3+ 24. Kb1 Nxa1 25. Bxf2 Re2 26.
Bd4 Re1+ 27. Ka2 g6 28. Rg2 Rae8 29. Be5 dxc4 30. Rd2 Bc8 31. Rd6 Be6 32. Bc3
Bd5 33. Rd7 R1e7 34. Rd6 Nc2 35. h4 Ne3 36. Ka1 Ng2 37. a4 a5 38. Ka2 b5 39.
axb5 Nxf4 40. Ka3 cxb5 41. b4 Re3 42. bxa5 Rxc3+ 43. Kb4 Rb3+ 44. Kc5 c3 45. h5
gxh5 46. a6 c2 47. Kb6 c1=Q 48. a7 Qa3 49. Rd7 Re6+ 50. Kc7 Rc3+ 51. Kd8 Qa5+
52. Rc7 Qxc7# 0-1

[Event "SC Einheit Bautzen-SG Grün-Weiß Dresden"]
[Site "DVM U14 in Arendsee"]
[Date "2009.12.29"]
[Round "6.2"]
[White "Hase, Albert"]
[Black "Schrell, Konrad"]
[Result "1-0"]
[WhiteElo "1564"]
[BlackElo "1539"]
[PlyCount "79"]
[EventDate "2009.??.??"]
[WhiteTeam "SC Einheit Bautzen"]
[BlackTeam "SG Grün-Weiß Dresden"]

1. d4 {[%emt 0:00:00]} d5 2. c4 Nf6 3. Nc3 e6 4. cxd5 exd5 5. Bg5 Nbd7 6. e3 c6
7. Bd3 Bd6 8. Nf3 O-O 9. Qc2 Qc7 10. O-O h6 11. Bh4 Ng4 12. h3 Ngf6 13. Bxf6
Nxf6 14. Rfc1 a6 15. Rab1 Be6 16. b4 Qd7 17. Na4 Qe7 18. Nc5 Rfc8 19. Nxe6 Qxe6
20. Bf5 Qe7 21. Bxc8 Rxc8 22. a3 Nd7 23. Qb3 Nb6 24. Nd2 Na8 25. Qa2 Nc7 26.
Rb3 Qf8 27. Qb1 Qe7 28. a4 Qf8 29. Nf3 Kh8 30. Nh4 g6 31. Nf3 Kg7 32. Ne1 Kh7
33. Nd3 Kg7 34. Nc5 b5 35. axb5 cxb5 36. Rbc3 Ra8 37. Nb7 Ne6 38. Nxd6 Qxd6 39.
Rc6 Qd7 40. Qa2 1-0

[Event "SC Einheit Bautzen-SG Grün-Weiß Dresden"]
[Site "DVM U14 in Arendsee"]
[Date "2009.12.29"]
[Round "6.3"]
[White "Lang, Sebastian"]
[Black "Vu Tuan, Minh"]
[Result "1/2-1/2"]
[WhiteElo "1182"]
[BlackElo "1399"]
[PlyCount "87"]
[EventDate "2009.??.??"]
[WhiteTeam "SG Grün-Weiß Dresden"]
[BlackTeam "SC Einheit Bautzen"]

1. e4 {[%emt 0:00:00]} c5 2. Nf3 e6 3. d4 cxd4 4. Nxd4 a6 5. Bd3 Qc7 6. O-O Nf6
7. Qe2 d6 8. c4 Be7 9. Nc3 O-O 10. Bd2 Bd7 11. Kh1 Nc6 12. Nxc6 Bxc6 13. Rae1
Rae8 14. f4 e5 15. f5 h6 16. g4 Nh7 17. Qf2 Qd8 18. Qg2 Kh8 19. a3 Bh4 20. Rb1
Ng5 21. Be1 Bxe1 22. Rfxe1 Rg8 23. b4 b6 24. a4 g6 25. Qd2 Kh7 26. Qe3 gxf5 27.
gxf5 Kh8 28. Nd5 Bxa4 29. Nxb6 Bc6 30. Nd5 f6 31. Ra1 Bb7 32. Qb6 Bxd5 33. Qxd8
Bxe4+ 34. Bxe4 Rxd8 35. Rxa6 Nh3 36. Rf1 Rg4 37. Bd5 Nf4 38. Be6 e4 39. Ra3 d5
40. cxd5 Nxd5 41. Bxd5 Rxd5 42. Ra8+ Kg7 43. Ra5 Rd6 44. Ra3 1/2-1/2

[Event "SC Einheit Bautzen-SG Grün-Weiß Dresden"]
[Site "DVM U14 in Arendsee"]
[Date "2009.12.29"]
[Round "6.4"]
[White "Röpke, Markus"]
[Black "Lorenz, Wenzel"]
[Result "1/2-1/2"]
[WhiteElo "1210"]
[BlackElo "1128"]
[PlyCount "48"]
[EventDate "2009.??.??"]
[WhiteTeam "SC Einheit Bautzen"]
[BlackTeam "SG Grün-Weiß Dresden"]

1. e4 {[%emt 0:00:00]} e6 2. d4 d5 3. exd5 exd5 4. Nc3 Ne7 5. Bd3 Ng6 6. Nf3 c6
7. O-O Bd6 8. Re1+ Ne7 9. Bd2 O-O 10. h3 Bf5 11. Bxf5 Nxf5 12. Ne2 Nd7 13. Bf4
Nf6 14. Bg5 h6 15. Qd3 g6 16. g4 hxg5 17. gxf5 Ne4 18. fxg6 fxg6 19. Nc3 Qf6
20. Nxe4 dxe4 21. Qxe4 Qxf3 22. Qxg6+ Kh8 23. Qxd6 Qxf2+ 24. Kh1 Qf3+ 1/2-1/2

[Event "SV Welper 1922-SC Eppingen"]
[Site "DVM U14 in Arendsee"]
[Date "2009.12.29"]
[Round "6.1"]
[White "Noe, Christopher"]
[Black "Adiyaman, Rene"]
[Result "1/2-1/2"]
[WhiteElo "1930"]
[BlackElo "1636"]
[PlyCount "136"]
[EventDate "2009.??.??"]
[WhiteTeam "SC Eppingen"]
[BlackTeam "SV Welper 1922"]

1. e4 {[%emt 0:00:00]} e5 2. c4 Bc5 3. g3 Nf6 4. Bg2 d6 5. h3 Nc6 6. Ne2 b6 7.
Nbc3 Bb7 8. d3 O-O 9. O-O Ne7 10. a3 a5 11. Rb1 c6 12. b4 axb4 13. axb4 Bd4 14.
Nxd4 exd4 15. Ne2 c5 16. bxc5 dxc5 17. e5 Bxg2 18. exf6 Bxf1 19. fxe7 Qxe7 20.
Kxf1 Rab8 21. Bf4 Rb7 22. Ng1 Qe6 23. Kg2 Qc6+ 24. Qf3 Qxf3+ 25. Kxf3 Re8 26.
Ne2 Re6 27. Bd2 Rf6+ 28. Kg2 b5 29. cxb5 Rfb6 30. Rc1 Rb8 31. Rxc5 Rxb5 32.
Rxb5 Rxb5 33. Nxd4 Rd5 34. Be3 f5 35. f4 h6 36. Kf3 Kf7 37. Nc6 g5 38. d4 Kf6
39. g4 Rd6 40. Ne5 Rd5 41. Kg3 fxg4 42. Kxg4 h5+ 43. Kf3 gxf4 44. Kxf4 Rb5 45.
h4 Rb1 46. Ke4 Re1 47. Nd3 Rh1 48. Bg5+ Ke6 49. Nf4+ Kd6 50. Nxh5 Re1+ 51. Kd3
Rd1+ 52. Kc4 Kc6 53. Nf6 Kd6 54. h5 Ke6 55. h6 Kf5 56. Be3 Kxf6 57. d5 Kg6 58.
Kc5 Rd3 59. Bd4 Kxh6 60. d6 Rf3 61. d7 Rf8 62. Bf6 Kg6 63. Be7 Rg8 64. Kd6 Kf7
65. Bh4 Rg1 66. d8=N+ Ke8 67. Ne6 Rg6 68. Ke5 Rxe6+ 1/2-1/2

[Event "SV Welper 1922-SC Eppingen"]
[Site "DVM U14 in Arendsee"]
[Date "2009.12.29"]
[Round "6.2"]
[White "Schaller, Fabian"]
[Black "Hahn, Cedric"]
[Result "1/2-1/2"]
[WhiteElo "1515"]
[BlackElo "1387"]
[PlyCount "60"]
[EventDate "2009.??.??"]
[WhiteTeam "SV Welper 1922"]
[BlackTeam "SC Eppingen"]

1. e4 e6 2. d4 d5 3. Nc3 Nf6 4. e5 Nfd7 5. f4 c5 6. Nf3 Nc6 7. Be3 Qb6 8. Qd2
cxd4 9. Nxd4 Nxd4 10. Bxd4 Bc5 11. O-O-O Bxd4 12. Qxd4 O-O 13. Be2 Qc7 14. g4
b6 15. h4 Bb7 16. Rh3 a6 17. h5 Qc5 18. Qd2 Rfd8 19. Rd3 Qc7 20. Qe3 b5 21. Rd4
Nb6 22. g5 g6 23. hxg6 hxg6 24. Rh1 Kf8 25. Rh7 Ke7 26. Qh3 Rg8 27. Bg4 Bc8 28.
Rd2 Bd7 29. Ne2 Raf8 30. Nd4 Qc8 1/2-1/2

[Event "SV Welper 1922-SC Eppingen"]
[Site "DVM U14 in Arendsee"]
[Date "2009.12.29"]
[Round "6.3"]
[White "Essig, Philipp"]
[Black "Krummsdorf, Sven"]
[Result "0-1"]
[WhiteElo "1049"]
[BlackElo "1538"]
[PlyCount "82"]
[EventDate "2009.??.??"]
[WhiteTeam "SC Eppingen"]
[BlackTeam "SV Welper 1922"]

1. e4 {[%emt 0:00:00]} d5 2. exd5 Qxd5 3. Nc3 Qa5 4. d4 Nf6 5. Bd3 Nc6 6. Nf3
Bg4 7. O-O O-O-O 8. Be2 e5 9. d5 Nxd5 10. Ng5 Bxe2 11. Qxe2 Nxc3 12. bxc3 Qd5
13. c4 Qd7 14. Bb2 f6 15. Nf3 Bc5 16. Rad1 Qe6 17. Nd2 Rhe8 18. Rfe1 Nd4 19.
Bxd4 Bxd4 20. Nb3 Bc3 21. Rf1 e4 22. c5 Rxd1 23. Rxd1 f5 24. Nd4 Bxd4 25. Rxd4
Qxa2 26. h3 Qa1+ 27. Rd1 Qa6 28. Qh5 h6 29. Qf7 Qe6 30. Qxg7 Qe7 31. Qg6 Qe6
32. Qg7 e3 33. fxe3 Qxe3+ 34. Kh1 Qe6 35. Qh7 f4 36. c3 f3 37. gxf3 Qxh3+ 38.
Kg1 Qg3+ 39. Kh1 Qxf3+ 40. Kh2 Re2+ 41. Kg1 Qg2# 0-1

[Event "SV Welper 1922-SC Eppingen"]
[Site "DVM U14 in Arendsee"]
[Date "2009.12.29"]
[Round "6.4"]
[White "Engelbracht, Lukas"]
[Black "Weißert, Oliver"]
[Result "1/2-1/2"]
[WhiteElo "1109"]
[BlackElo "922"]
[PlyCount "126"]
[EventDate "2009.??.??"]
[WhiteTeam "SV Welper 1922"]
[BlackTeam "SC Eppingen"]

1. d4 {[%emt 0:00:00]} d5 2. c4 dxc4 3. e4 e6 4. Nc3 Nf6 5. e5 Nd5 6. Bxc4 Nb6
7. Bb3 Be7 8. Nf3 Nc6 9. Be3 O-O 10. O-O Na5 11. Bc2 Nac4 12. Qd3 f5 13. b3 Na5
14. Qd2 Nd5 15. Bg5 b6 16. Bxe7 Nxe7 17. Rad1 Bb7 18. Qd3 Nd5 19. Nxd5 Qxd5 20.
Rfe1 Rad8 21. Re3 Nc6 22. Qc4 Qxc4 23. bxc4 Nb4 24. Bb3 c6 25. Ng5 Rfe8 26. g3
h6 27. Nf3 g5 28. h3 Kg7 29. Nh2 a5 30. a4 Kg6 31. h4 Kh5 32. hxg5 hxg5 33. f3
f4 34. g4+ Kg6 35. Re2 Rh8 36. Rdd2 Rd7 37. c5 bxc5 38. dxc5 Rxd2 39. Rxd2 Nd5
40. Rb2 Nb4 41. Rd2 Nd5 42. Bc2+ Kf7 43. Nf1 Ke7 44. Rd1 Ba6 45. Bd3 Bxd3 46.
Rxd3 Rb8 47. Nd2 Rb4 48. Ra3 Ne3 49. Ne4 Nc2 50. Ra2 Rb1+ 51. Kf2 Nb4 52. Ra3
Rb2+ 53. Kf1 Ra2 54. Rxa2 Nxa2 55. Nxg5 Nc3 56. Ne4 Nxe4 57. fxe4 Kf7 58. Kf2
Kg6 59. Kg2 Kh6 60. Kf2 Kg6 61. g5 f3 62. Kxf3 Kxg5 63. Kg3 Kh5 1/2-1/2

[Event "Treptower SV 1949-SV Balingen"]
[Site "DVM U14 in Arendsee"]
[Date "2009.12.29"]
[Round "6.1"]
[White "Geiger, Markus"]
[Black "Pixa, Richard"]
[Result "1-0"]
[WhiteElo "1504"]
[BlackElo "1671"]
[PlyCount "131"]
[EventDate "2009.??.??"]
[WhiteTeam "SV Balingen"]
[BlackTeam "Treptower SV 1949"]

1. e4 e6 2. d4 d5 3. exd5 exd5 4. c4 Nf6 5. Nc3 Be7 6. Bd3 dxc4 7. Bxc4 O-O 8.
Nge2 Nbd7 9. O-O Nb6 10. Bd3 h6 11. Be3 Bd6 12. Rc1 c6 13. Nf4 Re8 14. Qc2 Be6
15. Nxe6 Rxe6 16. Ne4 Nbd5 17. Nxd6 Qxd6 18. Bd2 Rae8 19. h3 Nh5 20. Rfe1 Rxe1+
21. Rxe1 Rxe1+ 22. Bxe1 Nhf4 23. Bf5 Qe7 24. Kf1 Qf6 25. Qe4 Ne6 26. Qe5 Qxe5
27. dxe5 Ne7 28. Bd3 Nc5 29. Bc4 Ng6 30. Bb4 Nxe5 31. Bxf7+ Kxf7 32. Bxc5 a6
33. Ke2 g6 34. Bd4 Ke6 35. Bxe5 Kxe5 36. Ke3 c5 37. f4+ Kd5 38. g4 b5 39. h4 c4
40. h5 gxh5 41. gxh5 a5 42. a3 b4 43. axb4 axb4 44. f5 Ke5 45. f6 Kxf6 46. Kd4
c3 47. bxc3 b3 48. Kd3 Kg5 49. c4 b2 50. Kc2 b1=Q+ 51. Kxb1 Kf5 52. Kc2 Ke6 53.
Kd3 Kd6 54. Ke4 Kc5 55. Kf5 Kxc4 56. Kg6 Kd5 57. Kxh6 Ke6 58. Kg7 Ke7 59. h6
Ke6 60. h7 Kf5 61. h8=Q Kg5 62. Qf8 Kh5 63. Kf6 Kh4 64. Qg7 Kh3 65. Kf5 Kh4 66.
Qg4# 1-0

[Event "Treptower SV 1949-SV Balingen"]
[Site "DVM U14 in Arendsee"]
[Date "2009.12.29"]
[Round "6.2"]
[White "Döring, André Patrick"]
[Black "Gomer, Dieter"]
[Result "1/2-1/2"]
[WhiteElo "1554"]
[BlackElo "1249"]
[PlyCount "101"]
[EventDate "2009.??.??"]
[WhiteTeam "Treptower SV 1949"]
[BlackTeam "SV Balingen"]

1. d4 {[%emt 0:00:00]} d5 2. c4 e6 3. Nc3 Nf6 4. Nf3 c5 5. Bg5 Be7 6. e3 Nc6 7.
Be2 O-O 8. O-O b6 9. Rb1 Qc7 10. dxc5 bxc5 11. cxd5 Nxd5 12. Nxd5 exd5 13. Bxe7
Nxe7 14. Rc1 Qb6 15. Qc2 c4 16. Nd4 Bb7 17. b3 cxb3 18. Qxb3 Ba6 19. Bxa6 Qxa6
20. Rb1 Qd6 21. Qb4 Qd8 22. h3 Re8 23. Rfc1 Ng6 24. Rc6 Qg5 25. Nf3 Qf5 26. Rd1
Reb8 27. Qd2 Rb1 28. Rxb1 Qxb1+ 29. Rc1 Qb5 30. Rd1 Rd8 31. Nd4 Qd7 32. Nf3 h6
33. e4 Ne7 34. Qe3 Qa4 35. Rd2 Kf8 36. exd5 Rxd5 37. Rxd5 Nxd5 38. Qb3 Qxb3 39.
axb3 Ke7 40. Kf1 Kd6 41. Ke1 Kc5 42. Kd2 Kb4 43. Kc2 Nf4 44. Ne1 f5 45. h4 g5
46. hxg5 hxg5 47. g3 Ne2 48. Nd3+ Kb5 49. Kd2 Nd4 50. Kc3 Ne2+ 51. Kd2 1/2-1/2

[Event "Treptower SV 1949-SV Balingen"]
[Site "DVM U14 in Arendsee"]
[Date "2009.12.29"]
[Round "6.3"]
[White "Ilitsch, Marc"]
[Black "Tran, Khoa Anh Le"]
[Result "0-1"]
[WhiteElo "1171"]
[BlackElo "1481"]
[PlyCount "88"]
[EventDate "2009.??.??"]
[WhiteTeam "SV Balingen"]
[BlackTeam "Treptower SV 1949"]

1. e4 {[%emt 0:00:00]} e6 2. Nf3 d5 3. e5 c5 4. d4 cxd4 5. Nxd4 Nc6 6. Nf3 Bc5
7. Bd3 Nge7 8. Bg5 Qb6 9. O-O Qxb2 10. Nbd2 Qb6 11. Rb1 Qc7 12. Re1 O-O 13. c3
Ng6 14. Qc2 Bb6 15. Nb3 Bd7 16. Nbd4 Nxd4 17. cxd4 Qxc2 18. Bxc2 Rac8 19. Rbc1
Bb5 20. Bb3 Ba5 21. Rxc8 Rxc8 22. Rc1 Rxc1+ 23. Bxc1 Ne7 24. Bd2 Bxd2 25. Nxd2
Nc6 26. Nf3 Be2 27. Ba4 Bxf3 28. Bxc6 bxc6 29. gxf3 f6 30. f4 h6 31. a4 Kf7 32.
f3 g5 33. fxg5 hxg5 34. Kf2 fxe5 35. dxe5 a5 36. Ke3 c5 37. f4 gxf4+ 38. Kxf4
Kg6 39. h3 Kh5 40. Ke3 Kh4 41. Kf4 c4 42. Ke3 Kxh3 43. Kd4 Kg4 44. Ke3 Kf5 0-1